=LDR 00000nam 2200000 4500 =001 INLIS000000000057133 =005 20201203011610 =035 ##$$a 0010-1220000034 =007 ta =008 201203###########################0#ind## =020 ##$$a 979-780-843-2 =082 ##$$a 899.221 3 =084 ##$$a 899.221 3 Win l =245 1#$$a Last Forever /$c Windry Ramadhina =300 ##$$a 377 halaman : $b Ilustrasi ; $c 23 Cm. =650 #4$$a Fiksi Indonesia =700 #$$a Editor : Jia Effendie =264 ##$$a Jakarta :$b Gagas media,$c 2015 =336 ##$$a teks$2 rdacontent =337 ##$$a lain-lain$2 rdamedia =338 ##$$a lain-lain$2 rdacarrier =990 ##$$a 06640664